|
|
|
|
| LEADER |
00000nam a22000007a 4500 |
| 005 |
20210825121928.0 |
| 007 |
cr|||| |||| |
| 008 |
210825s2015 es |||||s|||| 00||0 spa d |
| 020 |
|
|
|a 978-84-9123-836-2
|
| 035 |
|
|
|a 33566
|
| 040 |
|
|
|a vLex
|
| 090 |
|
|
|c 12119
|d 12119
|
| 245 |
0 |
2 |
|a El contrato de transporte internacional de mercanca̕s puerta a puerta en las reglas de Rotterdam
|h [Recurso electrn̤ico] /
|
| 256 |
|
|
|a Servicio en ln̕ea
|
| 260 |
|
|
|a Madrid:
|b Marcial Pons,
|c 2015
|
| 300 |
|
|
|a 1 recurso electrn̤ico
|
| 506 |
1 |
|
|a Disponible solo en los productos indicados
|d vLex Global
|d vLex Global (Academic Edition, excluding Law Schools)
|d vLex Global (U.S. Academic Edition, Law Schools)
|d vLex Global (U.S. Academic Edition, excluding Law Schools)
|d vLex Global (Academic Edition, Law Schools)
|
| 650 |
0 |
4 |
|a Derecho Mercantil y de la Empresa
|z Espaą
|
| 650 |
0 |
4 |
|a Derecho Pb︢lico y Administrativo
|z Espaą
|
| 740 |
0 |
|
|a [Recurso electrn̤ico] /
|
| 856 |
4 |
0 |
|u https://app.vlex.com/#/sources/33566
|z Servicio en ln̕ea
|
| 942 |
|
|
|c BOOK
|
| 999 |
0 |
|
|a Commercial and Company Law
|
| 999 |
0 |
|
|a Public and Administrative Law
|